BIBLIOTECA

SENCICO

Los oficios en Venezuela siglos XIX y XX / (Registro nro. 185)

Detalles MARC
000 -LEADER
fixed length control field 00869nam a2200277Ia 4500
003 - CONTROL NUMBER IDENTIFIER
control field PE SENCICO BE
005 - DATE AND TIME OF LATEST TRANSACTION
control field 20251020182429.0
008 - FIXED-LENGTH DATA ELEMENTS--GENERAL INFORMATION
fixed length control field 200515s9999 xx 000 0 und d
020 ## - INTERNATIONAL STANDARD BOOK NUMBER
International Standard Book Number 980-6021-29-0
040 ## - CATALOGING SOURCE
Original cataloging agency PE SENCICO BE
Transcribing agency PE SENCICO BE
041 ## - LANGUAGE CODE
Language code of text/sound track or separate title spa
082 ## - DEWEY DECIMAL CLASSIFICATION NUMBER
Classification number 331.0987
Item number U36
100 1# - MAIN ENTRY--PERSONAL NAME
Personal name Ulloa, Camilo
9 (RLIN) 2454
Relator term autor
245 10 - TITLE STATEMENT
Title Los oficios en Venezuela siglos XIX y XX /
Statement of responsibility, etc. Camilo Ulloa
246 ## - VARYING FORM OF TITLE
Title proper/short title Como nacieron los oficios en Venezuela
260 ## - PUBLICATION, DISTRIBUTION, ETC.
Place of publication, distribution, etc. Caracas :
Name of publisher, distributor, etc. Ince ;
Date of publication, distribution, etc. 1994
300 ## - PHYSICAL DESCRIPTION
Extent 433 p. :
Other physical details tbl. ;
Dimensions 27 cm.
500 ## - GENERAL NOTE
General note En la cubierta: "Cómo nacieron los oficios en Venezuela".
610 10 - SUBJECT ADDED ENTRY--CORPORATE NAME
9 (RLIN) 2459
Corporate name or jurisdiction name as entry element INCE
650 10 - SUBJECT ADDED ENTRY--TOPICAL TERM
Topical term or geographic name entry element Trabajo
9 (RLIN) 2456
650 20 - SUBJECT ADDED ENTRY--TOPICAL TERM
Topical term or geographic name entry element Empleos
9 (RLIN) 2458
650 20 - SUBJECT ADDED ENTRY--TOPICAL TERM
Topical term or geographic name entry element Historia
9 (RLIN) 707
651 #0 - SUBJECT ADDED ENTRY--GEOGRAPHIC NAME
9 (RLIN) 2457
Geographic name Venezuela
710 1# - ADDED ENTRY--CORPORATE NAME
9 (RLIN) 2455
Corporate name or jurisdiction name as entry element Instituto Nacional de Cooperación Educativa (Venezuela)
942 ## - ADDED ENTRY ELEMENTS (KOHA)
Koha item type Libros
Source of classification or shelving scheme Dewey Decimal Classification
Existencias
Fecha de la última vez que lo usaron Número de ingreso o de inventario Pago total Signatura topográfica completa Código de barras Precio efectivo desde Tipo de documento Estado perdido Sistema de clasificación Estado dañado No es para préstamo Retirado Ubicación permanente Ubicación actual Fecha de adquisición
15/05/2020 8282   331.0987/U36 BibLima24070081 15/05/2020 Libros   Dewey Decimal Classification       Biblioteca Central Lima Biblioteca Central Lima 15/05/2020